| 000 | 00934cab a2200253 4500 | ||
|---|---|---|---|
| 001 | ABS56553 | ||
| 008 | 090401t1997 xxu||||| |||| 00| 0 eng d | ||
| 035 | _a(Sirsi) u24482 | ||
| 041 | _aeng | ||
| 100 | _aRechtsanwalt, J.G. | ||
| 245 | 4 | _aThe EIC turnkey contract - a comparison with the FIDIC orange book | |
| 260 | _c1997 | ||
| 350 | _a0 | ||
| 490 |
_aInternational Construction Law Review _v14(1) January 1997, 33-48(16) |
||
| 520 | _aAnalyses the European International Contractors Turnkey Contract, published in 1994, and compares it to the FIDIC Conditions of Contract for Design and Construct Projects. | ||
| 650 | _aBUILT ENVIRONMENT-BUILDING CONTRACT FORMS | ||
| 650 | _aEUROPEAN INTERNATIONAL CONTRACTORS | ||
| 650 | _aFIDIC CONDITIONS OF CONTRACT | ||
| 650 | _aFIDIC ORANGE BOOK | ||
| 650 | _aTURNKEY CONTRACT | ||
| 690 | _aBUILT ENVIRONMENT-BUILDING CONTRACT FORMS | ||
| 942 | _n0 | ||
| 948 | _c04/03/1997 | ||
| 999 |
_c16418 _d16418 |
||